A filozófia kis tükre
Elmentve itt :
| Szerző: | |
|---|---|
| Adatforrás: | Philobibl |
| Dokumentumtípus: | Könyv |
| Nyelv: | magyar |
| Megjelent: |
Bp.
Könyvbarátok Szövetsége
1933
|
| LEADER | 00357nam a2200121 c 4500 | ||
|---|---|---|---|
| 001 | bibDOK00006160 | ||
| 005 | 20200924120218.5 | ||
| 008 | 060518s1933 hu hun | ||
| 100 | 2 | |a Halasy-Nagy József | |
| 245 | 1 | 2 | |a A filozófia kis tükre |c Halasy-Nagy József |
| 260 | |a Bp. |b Könyvbarátok Szövetsége |c 1933 | ||
| 300 | |a 210 p. | ||
| 500 | |a 2. bőv. kiad. 1937-ben 261 p. | ||